Statistics for Most Populous Countries (if Countries would still have their colonies)

Click here to take the quiz!

General Stats

  • This quiz has been taken 77 times
  • The average score is 8 of 20

Answer Stats

Population in milionsAnswer% Correct
1.2,584British Empire
100%
2.1,378China
87%
3.452French Empire
82%
4.434USA
66%
5.321Russian Empire
61%
6.283Netherlands
46%
7.227Empire of Japan
41%
8.223German Empire
41%
19.62Spain
38%
15.81Kingdom of Italy
31%
9.221Ottoman Empire
31%
13.95Belgium
30%
17.70Portuguese Empire
30%
10.209Brazil
28%
11.124Mexico
26%
14.82Persia
25%
12.108Ethiopia
23%
18.69Thailand
18%
16.73Austro-Hungarian Empire
15%
20.50Colombia
15%

Score Distribution

Percentile by Number Answered

Percent of People with Each Score

Your Score History

You have not taken this quiz